000 00302nam a2200109Ia 4500
008 200302s9999 xx 000 0 und d
100 _aThomas Fisher
245 _aEthics for Architects 50 Dilemmas of Professional Practice
260 _bPrinceton Architectural Press
260 _c2010
300 _a151 P.,
999 _c2935
_d2935